|
|
|
|
| LEADER |
00635cam a2200205ua 4500 |
| 020 |
|
|
|a 0-7619-3547-9
|
| 082 |
|
|
|a 327.16
|b PAR
|
| 245 |
0 |
0 |
|a Partiton motif in contemporary conflicts
|
| 260 |
|
|
|a London
|b sage
|c 2006
|
| 300 |
|
|
|a 381p.
|
| 500 |
|
|
|a Includes index.
|
| 650 |
|
|
|a Partition- India and Pakistan
|
| 650 |
0 |
|
|a Partition- Israel and Pakistan
|
| 650 |
0 |
|
|a Partition- East and west Germany
|
| 650 |
0 |
|
|a Partition
|
| 700 |
|
|
|a Smita Tewari Jessal
|
| 700 |
|
|
|a Eyan Ben - Ari
|
| 942 |
|
|
|c BK
|
| 999 |
|
|
|c 16127
|d 16127
|
| 952 |
|
|
|0 0
|1 0
|4 0
|6 327_160000000000000_PAR
|7 0
|9 16811
|a KUCL
|b KUCL
|d 2014-05-23
|l 0
|o 327.16 PAR
|p 18193
|r 2014-05-23
|y BK
|